000 00958nam a22002417a 4500
999 _c19025
_d19025
003 AR-CdUCM
008 190516b ||||| |||| 00| 0 spa d
040 _aMUNICIPALIDAD PROVINCIAL DEL CUSCO
_cBIBLIOTECA MUNICIPAL DEL CUSCO
041 _hfre
082 _23ed.
_a373.22 /
_bF43
100 _aFerrière, A.
_940068
245 _aLa escuela sobre medida, a la medida del maestro /
260 _aBuenos Aires :
_bKapelusz,
_c1959.
300 _aXXII, 142 páginas ;
_c21 cm.
440 _aBiblioteca de Cultura Pedagógica.
_937272
505 _aContenido: Exposición documental -- Cómo se plantea el problema -- Los programas y los horarios -- Métodos antiguos y métodos nuevos -- El maestro nuevo -- La escuela pública renovada ...
650 _aEducación
_9460
650 _aMetodología
_92264
650 _aMétodos de enseñanza
_94066
700 _aGuillen de Rezzano, Clotilde
_927047
942 _2ddc
_cLIBROS
945 _aachl
_d2019-05-16